Évènements politiques en France dans les années 1990 - Statistiques

Statistiques générales
  • Ce quiz a été pris 59 fois
  • Le résultat moyen est 12 sur 20
Statistiques - réponses
Année Description Réponse % Correct
1995 Élection de cet homme à la Présidence de la République Jacques Chirac
96%
1992 Traité fondateur de l'Union européenne adopté par référendum Traité de Maastricht
85%
1990-1991 Pays auquel la France vient en défense dans le cadre d'une coalition internationale après son invasion par Saddam Hussein Koweït
82%
1994 L'armée française est déployée dans ce pays en réaction à un génocide d'une rapidité sans pareille Rwanda
82%
1991 Elle devient la première femme à assumer le rôle de Chef du Gouvernement dans l'Histoire contemporaine de la France Édith Cresson
80%
1997 Ce socialiste devient Premier Ministre. Marquant le début de la troisième cohabitation Lionel Jospin
80%
1993 Défaite cuisante de ce parti, jusque là au pouvoir, lors des élections législatives. Contraignant Mitterrand à vivre une deuxième cohabitation Parti Socialiste
80%
1997 Manoeuvre ratée du Président de la République conduisant à une cohabitation Dissolution de l'Assemblée Nationale
67%
1996 Le président de la République annonce la suspension de cette obligation à laquelle ont été soumis tous les hommes français durant 2 siècles Service militaire
62%
1993 La France est choquée par le suicide de cet ancien Premier Ministre dans son fief de Nevers. Alimentant toutes sortes de théories Pierre Bérégovoy
60%
1993 Cet homme devient Premier Ministre. Marquant le début de la deuxième cohabitation Édouard Balladur
58%
1999 Cet homme politique et syndicaliste se fait connaître de la France entière en démontant un McDonalds José Bové
55%
1995 Des grèves massives paralysent le pays en réaction au projet de réforme des retraites et de la sécurité sociale porté par ce Premier Ministre Alain Juppé
51%
1998 Assassinat de cet homme à Ajaccio. Il était le préfet de Corse en exercice Claude Érignac
45%
1991 Premier ministre quittant ses fonctions. Après une collaboration difficile avec Mitterrand Michel Rocard
44%
1995 Ce dernier ordonne une dernière salve d'essais nucléaires dans ce territoire français Polynésie française
42%
1998 Cet ancien ministre et haut fonctionnaire est condamné pour complicité de crimes contre l'humanité à la suite d'un procès suivi et longtemps indécis Maurice Papon
38%
1998 Scission houleuse au FN où cet homme rompt avec Jean-Marie Le Pen et fonde le Mouvement national républicain Bruno Mégret
29%
1994 Ce proche de Mitterrand est assassiné juste avant l'ouverture de son procès où il devait comparaître pour son rôle en tant que secrétaire général de la Police sous le régime de Vichy René Bousquet
20%
1994 Suicide mystérieux à l'Élysée de ce proche de Mitterrand. Alimentant là encore certaines polémiques François de Grossouvre
7%
Aucun quiz correspondant
Distribution des résultats
% des personnes avec chaque résultat
Percentile par nombre de réponses
Votre historique - résultats
Vous n’avez pas pris ce quiz